000 00650nam a2200217 a 4500
001 BRCA_2923
005 20190320204030.0
008 121208s1948----ag-#---###---#000-0#spa-#
050 4 _aF1233
_b.G84 1948
100 1 _aGuedalla, Philip
_98134
245 1 0 _aLos dos Mariscales
_cPhilip Guedalla ; tr. de Miguel de Hernani.
260 _aBuenos Aires
_bSudamericana
_c1948
300 _a387 p.
_c22 cm.
500 _aB45
600 1 4 _aBazaine, Francois Achille
_d1811-1888
_98135
600 1 4 _aPetain, Philippe Omer
_d1856-1951
_98136
651 4 _aMéxico
_xHistoria
_9614
700 1 _aHernani, Miguel de
_etr
_98137
902 _aGFM
942 _2lcc
_cB
999 _c2662
_d2662